| 000 | 00654nam a2200229 a 4500 | ||
|---|---|---|---|
| 005 | 20210219153316.0 | ||
| 008 | 991125n 000 0 u | ||
| 035 | _aUPN01000090689 | ||
| 100 | _aO'Neil, John | ||
| 222 | _aEDUCATIONAL LEADERSHIP | ||
| 245 | _aOn the new standards project : A conversation with Lauren Resnick and Warren Simmons | ||
| 300 | _a17-21 | ||
| 362 | _a50, No. 5, 1992 | ||
| 505 | _aJunio 1993 | ||
| 653 | 0 | _aCONSORCIO | |
| 653 | 0 | _aCONSTRUCCION DE PRUEBAS | |
| 653 | 0 | _aEVALUACION DEL ESTUDIANTE | |
| 653 | 0 | _aNORMAS ACADEMICAS | |
| 653 | 0 | _aPARTICIPACION DEL MAESTRO | |
| 904 |
_aAC _b028500 |
||
| 905 | _aArticulo | ||
| 999 |
_c73700 _d73700 |
||